The Periodic Table Song - Statistics

General Stats
  • This quiz has been taken 14 times
  • The average score is 21 of 61
Answer Stats
Lyrics % Correct
There's {oxygen} so you can breathe
89%
And {fluorine} for your pretty teeth
78%
{Sodium} for salty times
78%
{Iron} is the 26th
67%
{Neon} to light up the signs
67%
And {Lithium, beryllium}
56%
There's {Hydrogen} and {helium}
56%
While {krypton} helps light up your room
56%
{Barium} is 56
44%
{Boron, carbon} everywhere
44%
{Copper, zinc} and {gallium}
44%
{Germanium} and {arsenic}
44%
{Nitrogen} all through the {air}
44%
Then {cobalt, nickel} coins you get
44%
And this is where the {table splits}
33%
{Dysprosium, holmium, erbium, thulium, ytterbium, lutetium}
33%
Each period will see new {outer shells}
33%
Each period will see new {outer shells}
33%
{Hafnium, tantalum, tungsten}, then we're on to
33%
{Halogens} and {alkali} react aggressively
33%
{Halogens} and {alkali} react aggressively
33%
{Lanthanum, cerium} and {praseodymium}
33%
{Magnesium, aluminium, silicon}
33%
{Mercury} to tell you when it's really {cold}
33%
{Neodymium}'s next to
33%
{Noble gas} is stable
33%
{Noble gas} is stable
33%
{Phosphorus} and {sulfur, chlorine} and {argon}
33%
{Potassium} and {calcium} so you'll grow {strong}
33%
{Promethium} then 62's
33%
{Rhenium, osmium} and {iridium}
33%
{Samarium, europium, gadolinium} and {terbium}
33%
{Scandium, titanium, vanadium} and {chromium} and {manganese}
33%
{Selenium} and {bromine film}
33%
This is the {periodic table}
33%
This is the {periodic table}
33%
Where {lanthanides} have just begun
33%
While {electrons} are added moving to the right
33%
While {electrons} are to the right
33%
{Actinium, thorium, protactinium}
22%
{Americium, curium, berkelium}
22%
{Californium, einsteinium, fermium}
22%
{Darmstadtium, roentgenium, copernicium}
22%
{Mendelevium, nobelium, lawrencium}
22%
{Moscovium, livermorium}
22%
{Nihonium, flerovium}
22%
{Niobium, molybdenum, technetium}
22%
{Platinum, gold} to make you rich 'til you grow {old}
22%
{Polonium, astatine} would not be {yummy}
22%
{Radium} then {actinides} at 89
22%
{Radon, francium} will last a little time
22%
{Rubidium} and {strontium} and {yttrium, zirconium}
22%
{Ruthenium, rhodium, palladium}
22%
{Rutherfordium, dubnium, seaborgium}
22%
{Silver-ware}, then {cadmium} and {indium}
22%
{Thallium} and {lead} and {bismuth} for your tummy
22%
{Tin cans, antimony} and {tellurium} and {iodine} and {xenon} and then {cesium} and
22%
{Uranium, neptunium, plutonium}
22%
And then we're {done}
11%
{Bohrium, hassium, meitnerium}
11%
{Tennessine} and {oganesson}
11%
No matching quizzes found
Score Distribution
Percent of People with Each Score
Percentile by Number Answered
Your Score History
You have not taken this quiz